Comdex : computer and financial accounting with tally 9.0 course kit (Record no. 185355)

MARC details
000 -LEADER
fixed length control field 00499nam a2200157Ia 4500
005 - DATE AND TIME OF LATEST TRANSACTION
control field 20250324133322.0
008 - FIXED-LENGTH DATA ELEMENTS--GENERAL INFORMATION
fixed length control field 231217s9999 xx 000 0 und d
020 ## - INTERNATIONAL STANDARD BOOK NUMBER
International Standard Book Number 9788177227390
082 ## - DEWEY DECIMAL CLASSIFICATION NUMBER
Classification number 001.6424OFF GUP;1 R
100 ## - MAIN ENTRY--PERSONAL NAME
Personal name Gupta, Viksa. Kogent solutions inc.
245 #0 - TITLE STATEMENT
Title Comdex : computer and financial accounting with tally 9.0 course kit
260 ## - PUBLICATION, DISTRIBUTION, ETC. (IMPRINT)
Date of publication, distribution, etc. 2008
Name of publisher, distributor, etc. Dreamtech Press
Place of publication, distribution, etc. New Delhi
300 ## - PHYSICAL DESCRIPTION
Extent xvi,768
650 ## - SUBJECT ADDED ENTRY--TOPICAL TERM
Topical term or geographic name as entry element Comdex,computer,financial,accounting,tally,9.0
942 ## - ADDED ENTRY ELEMENTS (KOHA)
Koha item type Books
Holdings
Date last seen Total Checkouts Full call number Accession number Old discount Uniform Resource Identifier Cost, replacement price Price effective from Category Lost status Damaged status Department Withdrawn status bill no. bill date Permanent Location Current Location Shelving location Entry date Vendor Cost, normal purchase price Grants Currency symbol Conversion rate Discount Discount type
26/01/2024   001.6424OFF GUP;1 R 58964 20 digital/contents/58964.pdf 199.20 26/01/2024 Books     Central Library   0910/1987 05/05/2014 Central Library Central Library Central Library 09/04/2001 Surya Infotainment Products Pvt. Ltd. 249.00 MBA RS 1 49.8 Rupees

© For any Suggestions or Query, please contact the library staff @ librarian@pes.edu or Phone: +9180 2672 1983/ 2108.